Online
Catalog

Introducción al orientalismo antiguo / (Record no. 3506)

MARC details
000 -CABECERA
campo de control de longitud fija 00705nam a2200229 u 4500
001 - NÚMERO DE CONTROL
campo de control 000003684
005 - FECHA Y HORA DE LA ÚLTIMA TRANSACCIÓN
campo de control 20200929150529.0
008 - DATOS DE LONGITUD FIJA--INFORMACIÓN GENERAL
campo de control de longitud fija 090713s1985 dr r 000 0 spa d
020 ## - NÚMERO INTERNACIONAL ESTÁNDAR DEL LIBRO
Número Internacional Estándar del Libro 848632923X
040 ## - FUENTE DE LA CATALOGACIÓN
Centro catalogador/agencia de origen DO-SdBNP
Lengua de catalogación spa
Centro/agencia transcriptor BNPHU
082 ## - NÚMERO DE LA CLASIFICACIÓN DECIMAL DEWEY
Número de clasificación V945i
100 1# - ENTRADA PRINCIPAL--NOMBRE DE PERSONA
Nombre de persona Von Soden, Wolfram
9 (RLIN) 11279
245 10 - MENCIÓN DE TÍTULO
Título Introducción al orientalismo antiguo /
Mención de responsabilidad, etc. Wolfram Von Soden.
246 11 - FORMA VARIANTE DE TÍTULO
Texto de visualización Einführung in die altorientalistik
260 ## - PUBLICACIÓN, DISTRIBUCIÓN, ETC.
Lugar de publicación, distribución, etc. Barcelona :
Nombre del editor, distribuidor, etc. Ausa.
300 ## - DESCRIPCIÓN FÍSICA
Extensión 321p. :
Otras características físicas il. : ;
Dimensiones 24 cm.
440 #0 - MENCIÓN DE SERIE/PUNTO DE ACCESO ADICIONAL--TÍTULO
Título Estudios orientales
9 (RLIN) 11280
500 ## - NOTA GENERAL
Nota general Incluye índice onomástico
500 ## - NOTA GENERAL
Nota general Incluye índice de temas
500 ## - NOTA GENERAL
Nota general Incluye índice general
500 ## - NOTA GENERAL
Nota general Incluye notas a pie de páginas
Holdings
Estado de retiro Estado de pérdida No para préstamo Código de colección Localización permanente Ubicación/localización actual Ubicación en estantería Fecha de adquisición Número de inventario Total de préstamos Signatura topográfica completa Código de barras Fecha visto por última vez Precio válido a partir de Tipo de ítem Koha
    Excluido de préstamo Patrimonio Dominicano General General En catalogación 13.07.2009 LF1   V945i 3684-10 25.06.2020 25.06.2020 Libro y Folleto Colección Patrimonio Dominicano

Powered by Koha